As 10 maiores empresas do mundo - Statistics

Estatísticas Gerais
  • Esse quiz foi jogado 172 vezes
  • A pontuação média é 4 de 10
Estatísticas das Respostas
Empresa Valor de mercado US$ Setor % Correto
Apple 3 tri Tecnologia
86%
Microsoft 2,779 tri Tecnologia
67%
Amazon 1,583 tri Varejo
61%
Tesla 816 bi Automotivo
55%
Alphabet (Google) 1,777 tri Tecnologia
53%
Meta 910 bi Tecnologia
44%
Nvidia 1,219 tri Tecnologia
18%
Saudi Aramco 2,133 tri Petróleo
5%
Berkshire Hathaway 777 bi Financeiro
2%
TSMC 542 bi Tecnologia
2%
Nenhum quiz correspondente encontrado
Distribuição das Pontuações
Porcentagem de Pessoas com Cada Pontuação
Percentil de Números Respondidos
Sua Pontuação Histórica
Você não jogou esse quiz